NBA picture quiz - Statistics

General Stats
  • This quiz has been taken 28 times
  • The average score is 31 of 40
Answer Stats
Picture Answer % Correct
Anthony Edwards
100%
Michael Jordan
100%
Shaquille O'Neal
100%
Victor Wembanyama
100%
Anthony Davis
96%
Bronny James Jr.
96%
Cooper Flagg
96%
Dirk Nowitzki
96%
Ervin "Magic" Johnson
96%
Kevin Durant
96%
Kobe Bryant
96%
Larry Bird
96%
Lebron James
96%
Shai Gilgeous-Alexander
96%
Trae Young
96%
Wilt Chamberlain
96%
Devin Booker
91%
Luka Doncic
91%
Nicola Jokic
91%
Scottie Pippen
91%
Jalen Johnson
87%
Klay Thompson
87%
Cade Cunningham
83%
Dwayne Wade
83%
Kareem Abdul-Jabbar
83%
Tyrese Haliburton
78%
Bill Russel
74%
Dominique Wilkins
74%
Jaylen Brown
74%
Russel Westbrook
74%
Kon Knueppel
65%
Chet Holmgren
61%
Lauri Markkanen
61%
Nicolas Claxton
52%
Clint Capela
48%
Jerami Grant
43%
Spud Webb
30%
BJ Armstrong
26%
Bernard King
4%
Stephen Currey
0%
No matching quizzes found
Score Distribution
Percent of People with Each Score
Percentile by Number Answered
Your Score History
You have not taken this quiz